00000000nam##2200000za#4500
0019.675838
003CaOODSP
00520210624225446
007cr |||||||||||
008150407|1998||||xxc|||||o    f|0| 0 fre|d
040 |aCaOODSP|bfre
041 |aeng
041 |afre
043 |an-cn---
0861 |aE97-53/1998-PDF
1101 |aCanada.|bCentre de recherches pour le développement international.
24510|aPlantes de couverture en Afrique de l'Ouest : |h[ressource électronique]|bune contribution à l'agriculture durable / |csous la direction de D. Buckles, A. Etèka, O. Osiname, M. Galiba et G. Galiano.
260 |bCentre de recherches pour le développement international |cc1998.
300 |a318p.|bfigures, graphiques, références, tableaux
546 |aTexte d'introduction en français et en anglais. Les articles en leur langue originale.
590 |a12-41-Supp|b2012-11-07
69107|aCultures|2gcpds
69107|aDéveloppement durable|2gcpds
69107|aDéveloppement régional|2gcpds
791 |tCover crops in West Africa : |eeng|w(CaOODSP)9.675837
85640|ahttp://publications.gc.ca|qPDF|s14.65 Mo|uhttps://publications.gc.ca/collections/collection_2012/crdi-idrc/E97-53-1998.pdf